| 000 | 00579nam a2200217Ia 4500 | ||
|---|---|---|---|
| 005 | 20251113152234.0 | ||
| 008 | 230125s9999 xx 000 0 und d | ||
| 020 | _a978-81-309-1839-6 | ||
| 041 | _aeng | ||
| 082 |
_a158.1 _bMCK/CHA |
||
| 100 |
_aMcknight W _9214852 |
||
| 245 |
_aAttitude _bProtect your most priceless asset |
||
| 250 | _a5th ed | ||
| 260 |
_c2011 _bViva Books _aMumbai |
||
| 300 | _a112p | ||
| 500 | _aPersonality Development, | ||
| 650 |
_aPersonality Development _9213420 |
||
| 700 |
_aMcknight W & Chapman E N _9214853 |
||
| 906 | _b61 | ||
| 942 | _cBK | ||
| 999 |
_c84602 _d84602 |
||